| 000 | 02236nam a2200433 c 4500 | ||
|---|---|---|---|
| 003 | BLK | ||
| 005 | 20180420220513.0 | ||
| 008 | 180407b bul|||||r ||||||| ||bul|| | ||
| 010 | _aKNG00034568000 | ||
| 020 |
_a954-607-377-6 _bиздат.: Лик |
||
| 040 | _aBLK | ||
| 041 |
_aBUL _cBUL |
||
| 080 |
_aОтделни моторни функции - Движение. Ходене. Тичане. Изразяване с помощта на речта. Пеене. Графично изразяване. Писане. Рисуване _b159.946 _x:003 _z159.946:003 |
||
| 080 |
_aПисменост. Системи на писмо. Знаци и символи. Кодове. Графическо представяне на мисълта. Вж и 744. 9; 801. Семиотика(общи въпр. ) _b003 _x _z003 |
||
| 080 |
_aИстория на Европа. Средни векове (375-1492) _b940.1 _x.000.1 _z940.1.000.1 |
||
| 100 | 1 |
_aШмит, Жан-Клод _eпърви автор _9271889 |
|
| 700 | 1 |
_aШипчанов, Милен Иванов _eпрев. от фр. _9256969 |
|
| 139 |
_aШмит, Жан-Клод _bШ 78 |
||
| 245 | 1 | 0 |
_aСмисълът на жестовете в средновековния Запад _cЖан-Клод Шмит; прев. от фр. Милен Иванов Шипчанов. |
| 257 | _aBGR | ||
| 260 |
_аСофия _bЛик _c2000 |
||
| 300 |
_a448 с. _bс ил., 16 л. : ил. _c20 см |
||
| 380 | _a1 | ||
| 490 | 1 |
_aБиблиотека история _v4 |
|
| 500 | _aОриг. загл. La Raison des gests dans L'Occident medieval / Jean-Claude Shmitt. - Библиогр. с. 423-436 ; Азб. показалец. | ||
| 504 | _a423-436 | ||
| 650 | 4 |
_aЖест - семиотичен анализ _9271890 |
|
| 650 | 4 |
_aСимволи и знаци _9247835 |
|
| 650 | 4 |
_aКултура - Европа - философски проблеми _9249936 |
|
| 650 | 4 |
_aВоенни униформи, руски - албуми _9271891 |
|
| 653 | _aсимволи | ||
| 653 | _aСредновековие | ||
| 653 | _aЗападна Европа | ||
| 852 | _aЦб 206966 | ||
| 856 | 4 |
_qpdf _u |
|
| 856 | 4 |
_qpdf _u |
|
| 942 |
_cKNG _n0 |
||
| 944 |
_aCR _c06.02.2003 _kЦветанка_Енчева |
||
| 944 |
_aED _c13.12.2004 _k |
||
| 999 |
_c31902 _d31902 |
||